Histoire et royauté commençant par la lettre R - Statistiques

Statistiques générales
  • Ce quiz a été pris 51 fois
  • Le résultat moyen est 11 sur 20
Statistiques - réponses
Indice Réponse % Correct
Elles incarnent le pouvoir suprême féminin dans la royauté. Reines
92%
Événement marquant la fin de la monarchie absolue en France, entraînant la chute de Louis XVI. Révolution française
90%
Roi d'Angleterre surnommé “Cœur de Lion” pour son courage. Richard
90%
Charles III est le monarque actuel de ce pays. Royaume-Uni
88%
Lieu traditionnel du sacre des rois de France dans sa cathédrale. Reims
85%
Gouverne un royaume pendant la minorité ou l'absence d'un souverain. Régent
77%
Pharaon d'Égypte, grand bâtisseur. Ramsès II
73%
Retour des monarchies en France et en Europe après la chute de Napoléon en 1814. Restauration
67%
Dernière dynastie impériale de Russie de 1613 à 1917. Romanov
63%
Monarchie de 1881 jusqu’en 1947, dont le dernier roi Michel Ier abdiqua sous la pression soviétique. Roumanie
63%
Avant de devenir une république, cette monarchie était dirigée par des rois appelés "mwami". Rwanda
58%
Période de domination britannique sur l'Inde. Raj
46%
Terme latin pour “roi”. Rex
46%
Souverain d’une principauté en Inde. Raja (Rajah ou radja)
42%
Acte par lequel un souverain met fin à son mariage, souvent pour des raisons politiques, religieuses ou d'absence d'héritier. Répudiation
33%
Fils de l'impératrice Sissi et héritier austro-hongrois, tristement connu pour sa fin tragique et énigmatique en 1889. Rodolphe
25%
Actuel roi de Thaïlande. Rama X
8%
Construit en 1606 par Christian IV, résidence royale danoise jusqu'en 1710. Rosenborg
6%
Dernière reine de Madagascar, exilée en 1897 après l’annexion de son royaume par l’Empire colonial français. Ranavalona III
4%
Actuelle reine de Jordanie, épouse du roi Abdallah II. Rania al-Yassin
2%
Aucun quiz correspondant
Distribution des résultats
% des personnes avec chaque résultat
Percentile par nombre de réponses
Votre historique - résultats
Vous n’avez pas pris ce quiz